000 00308nam a22001337a 4500
008 170508b xxu||||| |||| 00| 0 eng d
020 _a9781422417393
041 _aeng
080 _22ND
_a34
100 _a15
101 _aSHJ
245 _aUNDERSTANDING ENVIRONMENTAL LAW
_cWEINBERG , P
942 _2udc
_cBK
999 _c13009
_d13009